[Event "Budapest-chT1 Lilienthal 1718"]
[Site "Budapest"]
[Date "2018.02.04"]
[Round "8"]
[White "Bodi, Tibor"]
[Black "Havasi, Janos"]
[Result "1-0"]
[WhiteElo "2187"]
[BlackElo "2136"]
[PlyCount "79"]
[EventDate "2017.10.01"]
[EventType "team-tourn"]
[EventRounds "13"]
[EventCountry "HUN"]
[SourceTitle "EXT 2021"]
[Source "ChessBase"]
[SourceDate "2020.10.23"]
[SourceVersion "1"]
[SourceVersionDate "2020.10.23"]
[SourceQuality "1"]
[WhiteTeam "Aquarena III"]
[BlackTeam "Budapest Vasas II"]
[WhiteTeamCountry "HUN"]
[BlackTeamCountry "HUN"]

1. d4 Nf6 2. Nc3 g6 3. e4 d6 4. f4 Bg7 5. Nf3 0-0 6. Bd3 c6 7. e5 Nd5 8. Nxd5 cxd5 9. 0-0 Qb6 10. c3 f5 11. Qe1 e6 12. h4 h5 13. Qg3 Kh7 14. Ng5+ Kh6 15. b3 Nc6 16. Ba3 Nd8 17. Bxd6 Re8 18. Qe3 Bf8 19. Bxf8+ Rxf8 20. c4 Nc6 21. c5 Qb4 22. Nf3 Qa3 23. Qc1 Qxc1 24. Rfxc1 Bd7 25. Kf2 Kg7 26. Ke3 Kf7 27. a3 Ke7 28. Kd2 Rfc8 29. Kc3 Be8 30. b4 Nb8 31. b5 Nd7 32. Kb4 Nf8 33. a4 Kd8 34. Nd2 Kc7 35. Rc3 Kd8 36. Nb3 Kc7 37. Rac1 Kb8 38. c6 b6 39. c7+ Kb7 40. a5 1-0

[Event "HUN-chT2 Maroczy 1415"]
[Site "Hungary"]
[Date "2014.10.12"]
[Round "1"]
[White "Piroska, Istvan"]
[Black "Havasi, Janos"]
[Result "1-0"]
[WhiteElo "2163"]
[BlackElo "2155"]
[PlyCount "113"]
[EventDate "2014.10.12"]
[EventType "team-tourn"]
[EventRounds "9"]
[EventCountry "HUN"]
[SourceTitle "EXT 2016"]
[Source "ChessBase"]
[SourceDate "2015.10.08"]
[SourceVersion "1"]
[SourceVersionDate "2015.10.08"]
[SourceQuality "1"]
[WhiteTeam "Penzugyor II"]
[BlackTeam "Vasas"]
[WhiteTeamCountry "HUN"]
[BlackTeamCountry "HUN"]

1. e4 e6 2. d4 d5 3. Nc3 Nf6 4. Bg5 Be7 5. e5 Nfd7 6. Bxe7 Qxe7 7. f4 a6 8. Nf3 c5 9. dxc5 Nxc5 10. Bd3 Nc6 11. Qd2 Nxd3+ 12. Qxd3 Qb4 13. 0-0 Qxf4 14. Ne2 Qe4 15. Qd2 0-0 16. Ng3 Qg4 17. Rae1 Bd7 18. c3 Rac8 19. Qf2 h6 20. h3 Qg6 21. Nh4 Qh7 22. Nh5 Ne7 23. Re3 Ng6 24. Rg3 Bb5 25. Rd1 Rc4 26. Rd4 Rxd4 27. cxd4 Rc8 28. Kh2 Ba4 29. Qd2 Kh8 30. Nxg6+ fxg6 31. Nf4 g5 32. Nxe6 Bc6 33. Qb4 Qg6 34. Nc5 Qf7 35. Rf3 Qe7 36. Qd2 Rf8 37. Qf2 Rxf3 38. Qxf3 a5 39. Qf5 b6 40. Qc8+ Be8 41. Ne6 Kh7 42. Nc7 Bd7 43. Nxd5 Qe6 44. Qc2+ Kg8 45. Nc7 Qe7 46. Qe4 g4 47. hxg4 Qh4+ 48. Kg1 Bxg4 49. e6 Qg5 50. Nd5 Bh5 51. e7 Qc1+ 52. Kh2 Qc6 53. Qe5 Be8 54. Nc7 Kf7 55. d5 Qf6 56. Qxf6+ gxf6 57. Nxe8 1-0

[Event "HUN-chT2 Maroczy 1213"]
[Site "Hungary"]
[Date "2013.02.17"]
[Round "7"]
[White "Havasi, Janos"]
[Black "Nemeth, Zoltan"]
[Result "1/2-1/2"]
[WhiteElo "2204"]
[BlackElo "2333"]
[PlyCount "95"]
[EventDate "2012.09.16"]
[EventType "team-tourn"]
[EventRounds "11"]
[EventCountry "HUN"]
[SourceTitle "EXT 2014"]
[Source "ChessBase"]
[SourceDate "2013.11.20"]
[SourceVersion "1"]
[SourceVersionDate "2013.11.20"]
[SourceQuality "1"]
[WhiteTeam "Vasas"]
[BlackTeam "Sarkany"]
[WhiteTeamCountry "HUN"]
[BlackTeamCountry "HUN"]

1. e4 c5 2. Nc3 Nc6 3. g3 g6 4. Bg2 Bg7 5. d3 e6 6. Be3 d6 7. Qd2 Qa5 8. Nh3 Nd4 9. f4 Ne7 10. 0-0 0-0 11. g4 f5 12. gxf5 gxf5 13. Nd5 Qd8 14. Nxe7+ Qxe7 15. c3 Nc6 16. Rae1 Bd7 17. Ng5 h6 18. Nf3 b6 19. Kh1 Rae8 20. e5 dxe5 21. fxe5 Kh7 22. d4 cxd4 23. cxd4 Qf7 24. Rc1 Rc8 25. Qf2 Qh5 26. Ng1 Ne7 27. Bf3 Qe8 28. Nh3 Bc6 29. Nf4 Bxf3+ 30. Qxf3 Qd7 31. Rg1 Rxc1 32. Bxc1 Rg8 33. Be3 Bh8 34. Rxg8 Kxg8 35. Kg1 Bg7 36. Kf2 Nc6 37. Ne2 Nb4 38. Nc1 Qc8 39. Bd2 Nd5 40. Qb3 Qe8 41. Ne2 Qh5 42. Qg3 Kh7 43. Nf4 Qd1 44. Qg6+ Kh8 45. Qe8+ Kh7 46. Qg6+ Kh8 47. Qe8+ Kh7 48. Qg6+ 1/2-1/2

[Event "HUN-chT 1112"]
[Site "Hungary"]
[Date "2012.04.15"]
[Round "8"]
[White "Havasi, Janos"]
[Black "Berescu, Alin Mile"]
[Result "0-1"]
[WhiteElo "2229"]
[BlackElo "2495"]
[PlyCount "78"]
[EventDate "2011.09.25"]
[EventType "team-tourn"]
[EventRounds "11"]
[EventCountry "HUN"]
[SourceTitle "EXT 2013"]
[Source "ChessBase"]
[SourceDate "2012.11.22"]
[SourceVersion "1"]
[SourceVersionDate "2012.11.22"]
[SourceQuality "1"]
[WhiteTeam "Vasas"]
[BlackTeam "Paks"]
[WhiteTeamCountry "HUN"]
[BlackTeamCountry "HUN"]

1. e4 e6 2. d4 d5 3. e5 c5 4. c3 Nc6 5. Nf3 Bd7 6. Be2 Rc8 7. 0-0 a6 8. a3 Nge7 9. dxc5 Ng6 10. b4 Ncxe5 11. Nxe5 Nxe5 12. f4 Nc6 13. f5 exf5 14. Qxd5 Be7 15. Bf4 Be6 16. Qf3 Bd5 17. Qe3 Qd7 18. Nd2 g5 19. Bd6 Qe6 20. Qxe6 Bxe6 21. Bxe7 Kxe7 22. Rae1 Rc7 23. Bc4 Rd8 24. Rf2 Rcd7 25. Bxe6 fxe6 26. Nc4 Rd1 27. Rfe2 Rxe1+ 28. Rxe1 Rd3 29. Rc1 Kf6 30. a4 e5 31. Kf2 e4 32. Ke2 f4 33. Nd6 Re3+ 34. Kf2 Ne5 35. Rd1 Ke6 36. Nxb7 Rxc3 37. Nd8+ Ke7 38. Nb7 e3+ 39. Kf1 Rc2 0-1

[Event "HUN-chT 1112"]
[Site "Hungary"]
[Date "2011.11.27"]
[Round "4"]
[White "Havasi, Janos"]
[Black "Horvath, Tamas"]
[Result "0-1"]
[WhiteElo "2229"]
[BlackElo "2440"]
[PlyCount "62"]
[EventDate "2011.09.25"]
[EventType "team-tourn"]
[EventRounds "11"]
[EventCountry "HUN"]
[SourceTitle "EXT 2013"]
[Source "ChessBase"]
[SourceDate "2012.11.22"]
[SourceVersion "1"]
[SourceVersionDate "2012.11.22"]
[SourceQuality "1"]
[WhiteTeam "Vasas"]
[BlackTeam "Csuti"]
[WhiteTeamCountry "HUN"]
[BlackTeamCountry "HUN"]

1. e4 c5 2. Nc3 a6 3. g3 b5 4. Bg2 Bb7 5. d3 e6 6. Nh3 Nf6 7. 0-0 d6 8. f4 Nc6 9. Nf2 Be7 10. g4 Nd7 11. Ne2 Qc7 12. c3 Nb6 13. b3 0-0 14. d4 a5 15. d5 Nb8 16. Bb2 exd5 17. exd5 N8d7 18. g5 Rfe8 19. Ng3 c4 20. Qd2 cxb3 21. axb3 Nc5 22. c4 Bf8 23. cxb5 Nxb3 24. Qd3 Nxa1 25. Rc1 Qxc1+ 26. Bxc1 Re1+ 27. Nf1 Rxc1 28. Qe3 Rc5 29. Ne4 Nc2 30. Qf2 Rac8 31. Nxc5 Rxc5 0-1

[Event "HUN-chT 1011"]
[Site "Hungary"]
[Date "2011.05.01"]
[Round "10"]
[White "Szabo, Bence"]
[Black "Havasi, Janos"]
[Result "1-0"]
[WhiteElo "2375"]
[BlackElo "2250"]
[PlyCount "83"]
[EventDate "2010.10.10"]
[EventType "team-tourn"]
[EventRounds "11"]
[EventCountry "HUN"]
[SourceTitle "EXT 2012"]
[Source "ChessBase"]
[SourceDate "2011.11.24"]
[SourceVersion "1"]
[SourceVersionDate "2011.11.24"]
[SourceQuality "1"]
[WhiteTeam "Paks"]
[BlackTeam "Vasas"]
[WhiteTeamCountry "HUN"]
[BlackTeamCountry "HUN"]

1. d4 Nf6 2. c4 g6 3. Nc3 d6 4. e4 Bg7 5. Nf3 Bg4 6. Be2 Na6 7. Be3 0-0 8. 0-0 c6 9. Rb1 Nc7 10. b4 a6 11. a4 Nd7 12. Qb3 Kh8 13. Rfd1 Qe8 14. c5 Rd8 15. h3 Bxf3 16. Bxf3 f5 17. exf5 gxf5 18. Bf4 Qg6 19. Re1 Qf6 20. Rbd1 Rg8 21. cxd6 exd6 22. b5 axb5 23. axb5 c5 24. b6 Na8 25. Nd5 Qh4 26. Bg3 Qh6 27. Ne7 Rgf8 28. Re6 Rf6 29. Nxf5 Qg5 30. Nxd6 Naxb6 31. Rxf6 Qxf6 32. Nf7+ Kg8 33. Nxd8+ c4 34. Qb5 Qxd8 35. Bd5+ Kh8 36. Bxc4 Qe7 37. Bf1 Qe4 38. d5 Bd4 39. d6 Bc5 40. Rd3 Qf5 41. Rf3 Qg5 42. Qe2 1-0